| 000 | 00712nam a2200217Ia 4500 | ||
|---|---|---|---|
| 003 | OSt | ||
| 005 | 20240816144910.0 | ||
| 008 | 210716s1960 xx 000 0 und d | ||
| 040 | _cAIMIT LIBRARY | ||
| 041 | _aeng | ||
| 082 |
_a374.22 _21 _bTSEC |
||
| 100 |
_aTse-tsung, Chow. _9177443 |
||
| 245 |
_aMay fourth movement : _bintellectual revolution in modern china / _cBy Chow Tse-tsung. |
||
| 250 | _a1st ed. | ||
| 260 |
_aU S A : _bStanford university press , _c1960. |
||
| 300 |
_axiii,486p. ; _bPB _c22.5 cm |
||
| 650 |
_aDevelopment of the movement _9177444 |
||
| 650 |
_aAnalysis of main intellectual currents _9177445 |
||
| 650 |
_aThe may fourth incident _9177446 |
||
| 942 |
_2ddc _cBK _e1st _k374.22 TSEC |
||
| 999 |
_c201230 _d201230 |
||